000 00493nam a2200181Ia 4500
001 13957
005 20260306164839.0
008 260306t2018||||xx |||||||||||||| ||spa||
041 _aESP
082 _a005.74
_bG23
100 _aGarcía Herrero, Jesús
_eAUT
245 0 _aCiencia de datos:
_btécnicas analíticas y aprendizaje estadístico en un enfoque práctico
260 _c2018
300 _a446 páginas :
_c24 cm.
650 _aGEN
654 _aCCC
942 _cLIB
_dJUS
_fJUS
_2ddc
_n
999 _c13957
_d13957